TONDACH má novinky

Bibliographic Details
Format: Article
Language:Slovak
ISSN:1335-1249
Subjects:

MARC

LEADER 00000nab a2200000 a 4500
001 vtls000795987
003 SK-MaSNL
005 20260302154855.0
008 140328c2002 xo 0 slo
015 |a SNBRB2002/05-17768 
035 |a CLN000147642 
040 |a SNKBUCL  |b slo  |c SNKBUCL  |e AACR2 
041 0 |a slo 
044 |a xo  |c SK 
080 |a 69.024.15:061.5(437.6)  |2 1997 
245 0 0 |a TONDACH má novinky 
610 7 |a Tondach Slovensko (Nitrianske Pravno, Slovensko)  |2 snkbucl  |9 96587 
650 0 7 |a Tondach (strešná krytina)  |2 snkbucl  |9 852386 
655 7 |a články z novín a časopisov  |2 snkbucl  |9 267496 
773 0 |t Eurostav  |g Roč. 8, č. 3 (2002), s. 71  |x 1335-1249 
850 |a Slovenská národná knižnica v Martine 
852 |a SNK  |b KIS3GCP 
992 |a RBX 
999 |c 1369659  |d 1371589